000 00252 a2200097 4500
001 52304
100 _aChou Tsu-Der
245 _aComputer Programming in Basic with Business Applications
260 _aNew York
_bHarper & Row
_c
090 _c32936
_d32936
942 _aNUST-CAE
_cM
_c25487
999 _c287377
_d287377